| 000 | 00473nam a22001817a 4500 | ||
|---|---|---|---|
| 005 | 20180719103545.0 | ||
| 008 | 160525b xxu||||| |||| 00| 0 eng d | ||
| 020 | _a1-4039-0012-6 | ||
| 041 | _aeng | ||
| 082 |
_b4811 _a658.1599 |
||
| 100 |
_aValdez, Stephen With Julian Wood _94560 |
||
| 245 | _aAn Introduction to Global Financial Markets | ||
| 250 | _a4th ed | ||
| 260 |
_aNew Delhi _bAcademic Faundation |
||
| 300 | _e374 | ||
| 650 |
_aManagement _9241 |
||
| 942 | _cBK | ||
| 999 |
_c1641 _d1640 |
||